000 00357nam a2200121Ia 4500
008 151001s9999||||xx |||||||||||||| ||und||
100 _aनंदकुमार टेणी
245 _aशिवसेनाप्रमुख
250 _a1
260 _bआविस्कार पब्लिशर्स
300 _a216
365 _b22
999 _c980004
_d980001